000 00749pam a2200229 a 4500
001 1525608
005 20250729174151.0
008 900109s1990 ilu b 001 0 eng
020 _a0830814027
020 _a9780830814022
050 0 0 _aBS2330.2
_b.G87 1990
082 0 0 _a225.6/1
_220
100 1 _aGuthrie, Donald,
_d1916-1992.
245 1 0 _aNew Testament introduction /
_cDonald Guthrie.
250 _a4th rev. ed.
260 _aDowners Grove, Ill. :
_bInter-Varsity Press,
_c1990.
300 _a1161 p. ;
_c24 cm.
440 5 _a[The master reference collection]
500 _aSeries taken from jacket.
856 4 2 _3Contributor biographical information
_uhttp://www.loc.gov/catdir/enhancements/fy1007/90030404-b.html
942 _2lcc
_cREF
_n0
999 _c7212
_d7212